01107nam a2200289 a 450000500170000000800410001702000180005804100080007610000340008424500940011825000110021226000530022330000220027650001420029865300250044065300210046565300310048665300330051765300260055065300190057665300230059565300450061865300320066365300360069565300410073165300450077220240412134534.0100309t2014||||ag ||||f||||||||1|||spa d a9789872933128 aspa1 aIsolabella, Dora Maria Teresa aBases farmacologícas para licenciados en nutrición / cDora Maria Teresa Isolabella  a1a ed. aBuenos Aires: bEdiciones Farmacologicas;c2014. a196 p.c21x15 cm. aIsolabella, D. M. T. (2014). Bases farmacológicas para licenciados en nutrición. (1a ed.). Buenos Aires : Ediciones Farmacológicas. aFarmacologia general aEnsayos clinicos aInteraccion droga-alimento aCaracterizacion de productos aSuplementos dietarios aNutroterapicos aHormonas tiroideas aTratamiento farmacologico de la obesidad aCaquexia asociada al cancer aAntiinflamatorios no esteroides aTratamiento farmacologico de la gota aTratamiento farmacologico de la diabetes